000 00888nam a2200241 i 4500
001 bg
100 1 _aFAŁTYNOWICZ, Wiesław
245 1 0 _aA checklist of polish lichen forming and lichenicolous fungi including parasitic and saprophytic fungi occuring on lichens /
_cWiesław Fołtynowicz.
260 _aKraków :
_bW. Szafer Institute of Botany,
_c1993.
300 _a65 s. ;
_c24 cm.
490 1 _aPolish Botanical Studies / W. Szafer Institute of Botany, Polish Academy of Sciences,
_x0867-0730 ;
_vvol.6
504 _aIndeksy.
650 9 _aPorosty
_zPolska
655 _aSpisy
830 0 _aPolish Botanical Studies (W. Szafer Institute of Botany, Polish Academy of Sciences) ;
_vvol.6
020 _a838544422X
040 _cBPK
041 0 _aen
080 _a582.29.06(438)(083.8)
920 _a83-85444-22-X
942 _cKS
008 s pl f |000 0 pol
999 _c30684
_d30684
856 _uhttp://koha.tu.koszalin.pl/cgi-bin/koha/opac-detail.pl?biblionumber=30684
_yKatalog online BPK